| 000 | 00464nam a2200193Ia 4500 | ||
|---|---|---|---|
| 008 | 230125s9999 xx 000 0 und d | ||
| 020 | _a818579090-6 | ||
| 041 | _aeng | ||
| 082 |
_a658.4038011 _bOKE |
||
| 100 |
_aOke J _9111122 |
||
| 245 | _aManagement information system | ||
| 250 | _a13th ed | ||
| 260 |
_c2011 _bNirali Prakashan _aPune |
||
| 500 | _aMIS | ||
| 650 | _aManagement | ||
| 700 |
_aOke J _9111122 |
||
| 906 | _b40 | ||
| 999 |
_c88022 _d88022 |
||